书目信息 |
| 题名: |
褐衣男子
|
|
| 作者: | 克里斯蒂 著 | |
| 分册: | ||
| 出版信息: | 沈阳 辽宁人民出版社 2021.07 |
|
| 页数: | 264页 | |
| 开本: | 18cm | |
| 丛书名: | 最经典英语文库 | |
| 单 册: | ||
| 中图分类: | H319.4:I561.45 , H319.4:I | |
| 科图分类: | ||
| 主题词: | 英语--ying yu--语言读物 , 侦探小说--zhen tan xiao shuo--英国--现代 , 长篇小说--chang pian xiao shuo--英国--现代 | |
| 电子资源: | ||
| ISBN: | 978-7-205-10234-0 | |
| 000 | 01243nam 2200301 450 | |
| 001 | 28411 | |
| 005 | 20221008203159.51 | |
| 010 | @a978-7-205-10234-0@dCNY30.00 | |
| 100 | @a20211125d2021 em y0chiy50 ba | |
| 101 | 0 | @aeng |
| 102 | @aCN@b210000 | |
| 105 | @ay z 000ay | |
| 200 | 1 | @a褐衣男子@Ahe yi nan zi@fby Agatha Christie |
| 210 | @a沈阳@c辽宁人民出版社@d2021.07 | |
| 215 | @a264页@d18cm | |
| 225 | 2 | @a最经典英语文库@Azui jing dian ying yu wen ku@h第十五辑 |
| 312 | @a中文题名取自版权页 | |
| 330 | @a本书讲述了: 少女安妮父母双亡, 跟随父亲生前的朋友到伦敦生活。她热爱这个光怪陆离的城市, 但心里仍惦记着出去冒险 —— 去曾在书里读到过的非洲, 最好再能遇见一个沉默高大的理想男人。没想到一起命案成了安妮冒险的契机。她任由直觉牵引, 赌上全部家当参与调查, 立志要找到真凶 —— 神秘的“褐衣男子”。 | |
| 410 | 0 | @12001 @a最经典英语文库@h第十五辑 |
| 510 | 1 | @a褐衣男子@zchi |
| 606 | 0 | @a英语@Aying yu@j语言读物 |
| 606 | 0 | @a侦探小说@Azhen tan xiao shuo@y英国@z现代 |
| 606 | 0 | @a长篇小说@Achang pian xiao shuo@y英国@z现代 |
| 690 | @aH319.4:I561.45@v5 | |
| 690 | @aH319.4:I@v4 | |
| 701 | 1 | @a克里斯蒂@Ake li si di@g(Christie, Agatha),@f1890-1976@4著 |
| 801 | 0 | @aCN@c20220910 |
| 905 | @a河南城建学院图书馆@dH319.4:I@eK650@f2 | |
| 褐衣男子/by Agatha Christie.-沈阳:辽宁人民出版社,2021.07 |
| 264页;18cm.-(最经典英语文库.第十五辑) |
| ISBN 978-7-205-10234-0:CNY30.00 |
| 本书讲述了: 少女安妮父母双亡, 跟随父亲生前的朋友到伦敦生活。她热爱这个光怪陆离的城市, 但心里仍惦记着出去冒险 —— 去曾在书里读到过的非洲, 最好再能遇见一个沉默高大的理想男人。没想到一起命案成了安妮冒险的契机。她任由直觉牵引, 赌上全部家当参与调查, 立志要找到真凶 —— 神秘的“褐衣男子”。 |
| ● |
| 相关链接 |
|
|
|
正题名:褐衣男子
索取号:H319.4:I/K650
 
预约/预借
| 序号 | 登录号 | 条形码 | 馆藏地/架位号 | 状态 | 备注 |
| 1 | 1581409 | 215814091 | 语言库209/209语言库 54排1列2层/ [索取号:H319.4:I/K650] | 在馆 | |
| 2 | 1581410 | 215814108 | 语言库209/209语言库 54排1列2层/ [索取号:H319.4:I/K650] | 在馆 |